000 00215nam a2200097Ia 4500
008 230907s9999||||xx |||||||||||||| ||und||
082 _a323
_bHUM
245 0 _aHuman security /
300 _a4 volumes ;
942 _cBK
999 _c600734
_d600734